A guide to methods for estimating microbial numbers and biomass in fresh water
Guardat en:
| Autor principal: | |
|---|---|
| Format: | Llibre |
| Idioma: | anglès |
| Publicat: |
Cambria
Freshwater Biological Association
1979
|
| Col·lecció: | Scientific Publication, 39
|
| Matèries: | |
| Etiquetes: |
Afegir etiqueta
Sense etiquetes, Sigues el primer a etiquetar aquest registre!
|
MARC
| LEADER | 00000nam a2200000 a 4500 | ||
|---|---|---|---|
| 001 | UCU2937 | ||
| 003 | CL-VaPUC | ||
| 008 | 960502e19790000US |||||||||||||||||eng|d | ||
| 082 | 0 | 4 | |a 577.6 |b JON |2 21 |
| 100 | 0 | |a Jones, J. Gwynfryn |e author |9 359532 | |
| 245 | 1 | 2 | |a A guide to methods for estimating microbial numbers and biomass in fresh water |
| 300 | |a 112 p | ||
| 942 | |c BK | ||
| 945 | |d 19960502 00:00:00 |a rleighto | ||
| 260 | |a Cambria |b Freshwater Biological Association |c 1979 | ||
| 650 | 0 | |a Ecosistemas acuáticos |9 343699 | |
| 650 | 7 | |a HIDROBIOLOGIA |2 CL-VaPUC |9 345756 | |
| 650 | 7 | |a MICROORGANISMOS ACUATICOS |2 CL-VaPUC |9 338100 | |
| 650 | 0 | |a Agua dulce |9 338535 | |
| 650 | 0 | |a Algas (algae) |9 261246 | |
| 650 | 0 | |a Microbiología |9 259706 | |
| 650 | 0 | |a Bacteriología |9 259330 | |
| 650 | 0 | |a Bacterias |9 298237 | |
| 650 | 0 | |a Hongos |9 261629 | |
| 650 | 0 | |a Contaminación del agua |9 261423 | |
| 583 | |a last modification |c 20141217 03:42:05 |k Rodrigo Vera | ||
| 490 | 0 | |a Scientific Publication, 39 | |
| 999 | |c 247096 |d 247094 | ||
| 952 | |0 0 |1 0 |4 0 |6 577_600000000000000_JON_1979 |7 0 |8 A |9 262699 |a BIBCUR |b BIBCUR |d 2019-11-19 |i 3193667 |l 1 |o 577.6 JON 1979 |p 3193667 |r 2025-04-22 |s 2023-08-16 |w 2019-11-19 |y BK |k BCB | ||